[Event "FIDE-Wch k.o."]
[Site "Las Vegas"]
[Date "1999.08.15"]
[Round "6.1"]
[White "Adams, Michael"]
[Black "Akopian, Vladimir"]
[Result "0-1"]
[WhiteElo "2708"]
[BlackElo "2646"]
[PlyCount "172"]
[EventDate "1999.07.31"]
[Source "ChessBase"]
[SourceDate "1999.10.01"]

1. e4 d6 2. d4 g6 3. Nc3 Bg7 4. Be3 c6 5. Qd2 b5 6. Bd3 Nd7 7. Nf3 Nb6 8. h3 a5
9. e5 d5 10. b3 a4 11. O-O h5 12. Ne2 Nh6 13. Nf4 e6 14. Nxg6 fxg6 15. Bg5 Qc7
16. Bxg6+ Kd7 17. Bf6 Bxf6 18. exf6 Qd6 19. Rfe1 Kc7 20. Qg5 Bb7 21. Ne5 Nd7
22. c4 dxc4 23. bxc4 Nxe5 24. dxe5 Qa3 25. Be4 Nf7 26. Qg7 Raf8 27. Bg6 Rhg8
28. Bxf7 Rxg7 29. fxg7 Ra8 30. Bxe6 Qe7 31. g8=Q Rxg8 32. Bxg8 Qg7 33. e6 c5
34. g3 Qxg8 35. e7 Bc6 36. cxb5 Bxb5 37. Rad1 Qf7 38. Rd8 Be8 39. h4 c4 40. Re3
Kb7 41. a3 c3 42. Rxc3 Qxe7 43. Rd1 Qf6 44. Rb1+ Ka6 45. Rbc1 Bd7 46. R1c2 Qd4
47. Rc1 Bb5 48. Kg2 Bd3 49. Kg1 Bb5 50. Kg2 Kb6 51. Kg1 Qe4 52. Re3 Qf5 53.
Rec3 Qe4 54. Re3 Qg6 55. Rec3 Ba6 56. R3c2 Qd6 57. Rb1+ Ka7 58. Rc3 Bb7 59.
Rbc1 Qd5 60. Kf1 Qg2+ 61. Ke2 Ba6+ 62. Ke3 Qd5 63. R1c2 Bb7 64. Ke2 Ba6+ 65.
Ke3 Qd1 66. Rc7+ Kb8 67. R7c3 Bb7 68. Re2 Ka8 69. Rd3 Qc1+ 70. Red2 Qc6 71. Rb2
Qf3+ 72. Kd2 Qxf2+ 73. Kc3 Qf6+ 74. Rd4 Qe5 75. Rbb4 Qxg3+ 76. Kb2 Qf2+ 77. Ka1
Bc6 78. Rdc4 Qe1+ 79. Kb2 Qe5+ 80. Rc3 Bb5 81. Kc2 Ka7 82. Kb2 Ka6 83. Kc2 Ka5
84. Kb2 Bd3 85. Ka2 Qxc3 86. Rxa4+ Kb5 0-1